Logo BPK

Bibliografia Prac Pracowników

Politechniki Koszalińskiej

Mikroskop termofalowy (fotoakustyczny) / (Rekord nr 2291)

Szczegóły MARC
000 -ETYKIETA REKORDU
podpole kontrolne o stałej długości 00940nam a2200205 i 4500
001 - NUMER KONTROLNY REKORDU
podpole kontrolne BPP
003 - IDENTYFIKATOR NUMERU KONTROLNEGO REKORDU
podpole kontrolne KOSZ 005
005 - DATA OSTATNIEJ MODYFIKACJI REKORDU
podpole kontrolne 20171116115058.0
008 - POLE O STAŁEJ DŁUGOŚCI - DANE KONTROLNE
podpole kontrolne o stałej długości 151112s1995 pl f f |000 0 pol
040 ## - ŹRÓDŁO KATALOGOWANIA
Instytucja, która utworzyła rekord BPK
080 ## - UNIWERSALNA KLASYFIKACJA DZIESIĘTNA - UKD
UKD 621.385.833
100 ## - NAZWA OSOBOWA
Nazwa osobowa SUSZYŃSKI, Zbigniew.
Lata pracy 1991 - 1996.
Instytucja Wyższa Szkoła Inżynierska w Koszalinie - Instytut Elektroniki,
Wydział Katedra Elementów i Miernictwa Elektronicznego
245 ## - TYTUŁ/ODPOWIEDZIALNOŚĆ
Tytuł Mikroskop termofalowy (fotoakustyczny) /
Pozostałe elementy strefy tytułu i oznaczenia odpowiedzialności Zbigniew Suszyński.
260 ## - STREFA ADRESU WYDAWNICZEGO
Miejsce wydania Koszalin,
Data publikacji, dystrybucji/powstania dokumentu 1995.
500 ## - UWAGI OGÓLNE
Tekst uwagi Dane z autopsji.
520 ## - UWAGA DOTYCZĄCA TREŚCI DOKUMENTU
Analiza dokumentacyjna, adnotacja itp. Celem projektu było opracowanie termofalowych metod badania adhezji termicznie cienkich warstw do podłoża oraz opracowanie konstrukcji i wykonanie mikroskopu termofalowego pracującego w reżimie modulacji amplitudowej i przestrzennej z komputerowym sterowaniem, analizą i przetwarzaniem danych.
650 ## - HASŁO PRZEDMIOTOWE W FORMIE NAZWY OGÓLNEJ LUB JEDNOSTKOWEJ
Nazwa ogólna lub geograficzna Mikroskop.
650 #0 - HASŁO PRZEDMIOTOWE W FORMIE NAZWY OGÓLNEJ LUB JEDNOSTKOWEJ
Nazwa ogólna lub geograficzna Optyka.
942 ## - HASŁO DODATKOWE - ELEMENTY(KOHA)
Typ dokumentu Materiały nieopublikowane
Schemat klasyfikacji Uniwersalna klasyfikacja dziesiętna
Egzemplarze
Wycofany Zagubiony Uszkodzony Dostępność Lokalizacja stała Lokalizacja bieżąca Sygnatura Typ dokumentu
      Dostępny Bibliografia Prac Pracowników - BPK Bibliografia Prac Pracowników - BPK NB-296 Materiały nieopublikowane
© 2014 Biblioteka Politechniki Koszalińskiej :: BIBLIOGRAFIA PRAC PRACOWNIKÓW